000 00555cam a2200205 4500
001 D10024
008 090401t1985 xxu||||| |||| 00| 0 eng d
035 _a(Sirsi) u962
041 _aeng
050 _a696.6
100 _aWozniak, S.J.
245 _aLegionnaires` disease - the implications for design and use of hot water systems
260 _aGarston, Watford
_bBuilding Research Establishment
_c1985
300 _a4p. 30cm
350 _a0
490 _aInformation Paper
_v5/85
520 _aCaption title
942 _n0
948 _c04/03/1997
999 _c85604
_d85604